<?xml version="1.0" encoding="UTF-8"?>
<record
    xmlns:xsi="http://www.w3.org/2001/XMLSchema-instance"
    xsi:schemaLocation="http://www.loc.gov/MARC21/slim http://www.loc.gov/standards/marcxml/schema/MARC21slim.xsd"
    xmlns="http://www.loc.gov/MARC21/slim">

  <leader>01333cam a22003131  4500</leader>
  <controlfield tag="001">gs 60000207 </controlfield>
  <controlfield tag="003">DLC</controlfield>
  <controlfield tag="005">20260227111409.0</controlfield>
  <controlfield tag="008">781129s1960    msuab        s000 0 eng  </controlfield>
  <datafield tag="010" ind1=" " ind2=" ">
    <subfield code="a">gs 60000207 </subfield>
  </datafield>
  <datafield tag="035" ind1=" " ind2=" ">
    <subfield code="a">(OCoLC)4404084</subfield>
  </datafield>
  <datafield tag="040" ind1=" " ind2=" ">
    <subfield code="a">DLC</subfield>
    <subfield code="c">MsSM</subfield>
    <subfield code="d">OCoLC</subfield>
    <subfield code="d">DLC</subfield>
  </datafield>
  <datafield tag="042" ind1=" " ind2=" ">
    <subfield code="a">premarc</subfield>
  </datafield>
  <datafield tag="050" ind1="0" ind2="0">
    <subfield code="a">QE129</subfield>
    <subfield code="b">.A2 no. 87</subfield>
  </datafield>
  <datafield tag="100" ind1="1" ind2=" ">
    <subfield code="a">Parks, William Scott.</subfield>
  </datafield>
  <datafield tag="245" ind1="1" ind2="0">
    <subfield code="a">Prentiss County geology</subfield>
    <subfield code="c">[by] William Scott Parks.  Ground-water resources [by] B. E. Ellison and E. H. Boswell.</subfield>
  </datafield>
  <datafield tag="260" ind1=" " ind2=" ">
    <subfield code="a">University,</subfield>
    <subfield code="c">1960.</subfield>
  </datafield>
  <datafield tag="300" ind1=" " ind2=" ">
    <subfield code="a">110, 44 p.</subfield>
    <subfield code="b">illus., maps (part fold.) diagrs., profile, tables.</subfield>
    <subfield code="c">23 cm.</subfield>
  </datafield>
  <datafield tag="410" ind1="2" ind2="0">
    <subfield code="a">Mississippi Geological, Economic, and Topographical Survey</subfield>
    <subfield code="t">Bulletin,</subfield>
    <subfield code="v">no. 87</subfield>
  </datafield>
  <datafield tag="500" ind1=" " ind2=" ">
    <subfield code="a">Prepared by the United States Geological Survey in cooperation with the Mississippi Board of Water Commissioners and the Mississippi Geological Survey.</subfield>
  </datafield>
  <datafield tag="504" ind1=" " ind2=" ">
    <subfield code="a">Bibliography:  p. 105-110.</subfield>
  </datafield>
  <datafield tag="650" ind1=" " ind2="0">
    <subfield code="a">Geology</subfield>
    <subfield code="z">Mississippi</subfield>
    <subfield code="z">Prentiss County.</subfield>
  </datafield>
  <datafield tag="650" ind1=" " ind2="0">
    <subfield code="a">Groundwater</subfield>
    <subfield code="z">Mississippi</subfield>
    <subfield code="z">Prentiss County.</subfield>
  </datafield>
  <datafield tag="650" ind1=" " ind2="0">
    <subfield code="a">Water-supply</subfield>
    <subfield code="z">Mississippi</subfield>
    <subfield code="z">Prentiss County.</subfield>
  </datafield>
  <datafield tag="650" ind1=" " ind2="0">
    <subfield code="a">Borings</subfield>
    <subfield code="z">Mississippi</subfield>
    <subfield code="z">Prentiss County.</subfield>
  </datafield>
  <datafield tag="700" ind1="1" ind2=" ">
    <subfield code="a">Ellison, B. E.</subfield>
    <subfield code="t">Ground-water resources of Prentiss County.</subfield>
  </datafield>
  <datafield tag="710" ind1="2" ind2=" ">
    <subfield code="a">Geological Survey (U.S.)</subfield>
  </datafield>
  <datafield tag="740" ind1="0" ind2=" ">
    <subfield code="a">Ground-water resources of Prentiss County.</subfield>
  </datafield>
  <datafield tag="999" ind1=" " ind2=" ">
    <subfield code="c">29450</subfield>
    <subfield code="d">29450</subfield>
  </datafield>
</record>
